=LDR 00000nam 2200000 4500 =001 NUTBA000000000003785 =990 ##$$a 21409061 =005 20140827094011.0 =990 ##$$a 21409057 =006 =990 ##$$a 21409058 =007 =990 ##$$a 21409059 =008 =990 ##$$a 21409060 =020 ##$$a 978-979-1494-5-2 =035 ##$$a 0010-081400000000630 =040 ##$$a NBPDMAT =082 ##$$a 616.918.52 =084 ##$$a 616.918.52 Fri m =090 ##$$a 616.918.52 Fri m =100 ##$$a Frida N =245 ##$$a Mengenal Demam Berdarah Dengue / $c Frida N =250 ##$$a Cet. 1 =260 ##$$a Jakarta : $b Pamuliarsih, $c 2008 =300 ##$$a 66 hlm. : $b ilus. ; $c 21 cm. =500 ##$$a Bibliografi : hlm. 65-66 =650 ##$$a Demam Berdarah =990 ##$$a 21409057 =990 ##$$a 0001/BPAP-NTB/20142014 =990 ##$$a 0001/BPAP-NTB/20142014 =990 ##$$a 0001/BPAP-NTB/20142014 =990 ##$$a 0001/BPAP-NTB/20142014 =990 ##$$a 0001/BPAP-NTB/20142014